En busca de un mundo mejor... : una reflexión desde América Latina /
El autor plantea una reflexión de la situación socio-económica latinoamericana, a partir de los desafíos de la globalización. Para ello, se dialoga críticamente con algunos postulados del economista y filósofo Karl Popper, en particular, sobre su punto de vista de las sociedades abiertas
Sparad:
| Huvudupphovsman: | |
|---|---|
| Materialtyp: | Text |
| Ämnen: | |
| Taggar: |
Lägg till en tagg
Inga taggar, Lägg till första taggen!
|
MARC
| LEADER | 00000 a a2200000 04500 | ||
|---|---|---|---|
| 001 | 41616 | ||
| 003 | |||
| 040 | |||
| 100 | |a Rosa Borjas, German R. | ||
| 245 | |a En busca de un mundo mejor... : |b una reflexión desde América Latina / |c German R. Rosa Borjas | ||
| 520 | |a El autor plantea una reflexión de la situación socio-económica latinoamericana, a partir de los desafíos de la globalización. Para ello, se dialoga críticamente con algunos postulados del economista y filósofo Karl Popper, en particular, sobre su punto de vista de las sociedades abiertas | ||
| 650 | |a ETICA/ | ||
| 650 | |a GLOBALIZACION/ | ||
| 650 | |a DESIGUALDAD/ | ||
| 650 | |a AMERICA LATINA | ||
| 773 | |g número116 ( , 2008), páginas 305-338 | ||
| 999 | |c 26514 |d 26514 | ||
